| 000 | 00605nam a2200217 a 4500 | ||
|---|---|---|---|
| 001 | 3420 | ||
| 003 | CDMR | ||
| 005 | 20131129125408.0 | ||
| 008 | 130130s1976||||||||||||||||||||||||||||d | ||
| 020 | _a8425206065 | ||
| 040 |
_aCDMR _bcat _cCDMR |
||
| 100 | 1 |
_aPeninou, Georges _92467 |
|
| 245 | 1 | 0 |
_aSemiótica de la publicidad _cG. Péninou |
| 246 |
_aIntelligence de la Publicité _b: étude sémiotique |
||
| 260 |
_aBarcelona _c1976 _bGustavo Gili |
||
| 300 | _a233 p. | ||
| 490 | 0 | _aGG Comunicación Visual | |
| 650 | 0 | 4 |
_91282 _aSemiòtica |
| 650 | 0 | 4 |
_93091 _aLlenguatge publicitari |
| 942 |
_cMON _2udc |
||
| 999 |
_c3420 _d3420 |
||